000 00485nam a22001817a 4500
005 20251108164110.0
008 250721s1997 xx 000 0 ara d
082 1 4 _a814/بهج
100 1 _aبهجت، أحمد
245 1 0 _aدنيا بنت دنيا /
264 1 _aالقاهرة :
_bأخبار اليوم،
_c1997.
300 _a150ص
650 1 7 _aالأدب العربي
650 1 7 _aالمقالات الأدبية
650 1 7 _aمصر
942 _2ddc
_cBK
999 _c3559
_d3559